MARC

LEADER 00000nam0a2200000 4500
001 36539
005 20231031002051.0
035 |a (RuTPU)RU\TPU\book\37013 
035 |a BOOK00003665 
090 |a 36539 
100 |a 20011210d1982 km y0rusy50 ca 
101 0 |a rus 
102 |a RU 
105 |a y z 000zy 
200 1 |a Тайны крови  |f В. Г. Михайлов 
210 |a Москва  |c Знание  |d 1982 
215 |a 160 с. 
517 1 |a Заметки гематолога 
610 1 |a медицина 
610 1 |a гематология 
610 1 |a кровь 
610 1 |a наука 
610 1 |a развитие 
610 1 |a открытия 
675 |a 612.1  |v 3 
700 1 |a Михайлов  |b В. Г.  |g Владимир Георгиевич 
801 0 |a RU  |b 63413507  |c 20011210  |g PSBO 
801 2 |a RU  |b 63413507  |c 20080414  |g PSBO 
942 |c BK